Drying '92 : proceedings of the 8th International Drying Symposium (IDS '92), Montreal, Quebec, Canada, August 2-5, 1992 /
Guardado en:
| Autor Corporativo: | |
|---|---|
| Otros Autores: | |
| Formato: | Libro |
| Idioma: | English |
| Publicado: |
Amsterdam :
Elsevier,
1992.
|
| Materias: | |
| Etiquetas: |
Agregar Etiqueta
Sin Etiquetas, Sea el primero en etiquetar este registro!
|
| LEADER | 00966cam a22002295a 4500 | ||
|---|---|---|---|
| 001 | EIQ.libpla002154 | ||
| 008 | 920520s1992####ne#a#####b####101#0#eng#d | ||
| 005 | 20070425172103.0 | ||
| 245 | 1 | 0 | |a Drying '92 : |b proceedings of the 8th International Drying Symposium (IDS '92), Montreal, Quebec, Canada, August 2-5, 1992 / |c edited by A.S. Mujumdar. |
| 260 | |a Amsterdam : |b Elsevier, |c 1992. | ||
| 300 | |a 2 v. (xxvii, 1953 p.) : |b il. ; |c 25 cm. | ||
| 504 | |a Incluye referencias bibliográficas e índice. | ||
| 020 | |a 0444893938 (set : alk. paper) | ||
| 111 | 2 | |a International Drying Symposium |n (8th : |d 1992 : |c Montréal, Québec) | |
| 700 | 1 | |a Mujumdar, A. S., |e ed. |4 edt | |
| 082 | 0 | 0 | |a 660/.28426 |2 20 |
| 650 | 0 | |a Secado |x Congresos. | |
| 650 | 0 | |a Drying |x Congresses. | |
| 010 | |a 92019924 | ||
| 040 | |a DLC |c DLC |d AR-BbSID | ||
| 859 | |a AR-BbSID |b BIB. PLAPIQUI |h 660.284 26 |i In 8 |p 3931 |v Pte. A |3 Pte. A | ||
| 859 | |a AR-BbSID |b BIB. PLAPIQUI |h 660.284 26 |i In 8 |p 3932 |v Pte. B |3 Pte. B | ||
